Class Colonialism and Nationalism, Madras Presidency, 1928-1939 (Record no. 14125)

MARC details
000 -LEADER
fixed length control field 00650nam a2200241 a 4500
020 ## - INTERNATIONAL STANDARD BOOK NUMBER
ISBN 8170999
082 00 - DEWEY DECIMAL CLASSIFICATION NUMBER
Classification number 325.30954
Author Cutter RED
100 ## - MAIN ENTRY--AUTHOR NAME
Author name Reddy, K Venugopal
245 ## - TITLE STATEMENT
Title Class Colonialism and Nationalism, Madras Presidency, 1928-1939
260 ## - PUBLICATION, DISTRIBUTION, ETC. (IMPRINT)
Place of publication Delhi
Name of publisher Mittal Publication
Year of publication 2002
300 ## - PHYSICAL DESCRIPTION
Number of Pages 262p
500 ## - GENERAL NOTE
General note includes index and biblioraphy
505 2# - FORMATTED CONTENTS NOTE
Formatted contents note Bibliography, Index
650 ## - SUBJECT ADDED ENTRY--TOPICAL TERM
Topical Term Colonialism-India
942 ## - ADDED ENTRY ELEMENTS (KOHA)
Koha item type Books
700 1# -
-- Reddy, K Venugopal
Holdings
Collection code Home library Current library Date acquired Cost, normal purchase price Full call number Accession Number Koha item type
  Henry Martyn Institute Library Henry Martyn Institute Library 04/19/2007 495.00 325.30954 RED 021319 Books
                   Copyright © 2026 | Henry Martyn Institute | Hyderabad | TS-500052 | INDIA | Implemented by hmi.edu.in
Hit-Count:

Powered by Koha